|
|
|
|
| LEADER |
00000nam a22000007a 4500 |
| 005 |
20120702181328.0 |
| 007 |
cr|||| |||| |
| 008 |
120702s2006 co |||||s|||| 00||0 spa d |
| 020 |
|
|
|a 958-8225-91-4
|
| 035 |
|
|
|a 6351
|
| 040 |
|
|
|a vLex
|
| 090 |
|
|
|c 3256
|d 3256
|
| 100 |
1 |
|
|a Rincn̤ Cr̀denas, Erick
|
| 245 |
1 |
0 |
|a Contratacin̤ electrn̤ica
|h [Recurso electrn̤ico] /
|c Erick Rincn̤ Cr̀denas
|
| 256 |
|
|
|a Servicio en ln̕ea
|
| 260 |
|
|
|a Rosario :
|b Editorial Universidad de Rosario (Colombia),
|c 2006
|
| 300 |
|
|
|a 1 recurso electrn̤ico
|
| 506 |
1 |
|
|a Contenido solo disponible en los productos indicados
|d vLex Global
|d vLex Global (Academic Edition, excluding Law Schools)
|d vLex Global (U.S. Academic Edition, Law Schools)
|d vLex Global (U.S. Academic Edition, excluding Law Schools)
|d vLex Global (Academic Edition, Law Schools)
|
| 650 |
0 |
4 |
|a Comercio electrn̤ico
|z Colombia
|
| 650 |
0 |
4 |
|a Administracin̤ pb︢lica
|z Colombia
|
| 740 |
0 |
|
|a vLex Libros (Servicio en ln̕ea)
|
| 856 |
4 |
0 |
|u http://vlex.com/source/contratacion-electronica-6351
|z Acceso restringido
|
| 942 |
|
|
|c BOOK
|
| 999 |
0 |
|
|a Public administration
|
| 999 |
0 |
|
|a Electronic commerce
|